<?xml version="1.0" encoding="UTF-8"?><marc:collection xmlns:marc="http://www.loc.gov/MARC21/slim">
  <marc:record>
    <marc:leader>00000nam##2200000za#4500</marc:leader>
    <marc:controlfield tag="001">9.567678</marc:controlfield>
    <marc:controlfield tag="003">CaOODSP</marc:controlfield>
    <marc:controlfield tag="005">20210624180907</marc:controlfield>
    <marc:controlfield tag="007">cr |||||||||||</marc:controlfield>
    <marc:controlfield tag="008">150406|1998||||xxc|||||o    f|0| 0 eng|d</marc:controlfield>
    <marc:datafield tag="040" ind1=" " ind2=" ">
      <marc:subfield code="a">CaOODSP</marc:subfield>
      <marc:subfield code="b">eng</marc:subfield>
    </marc:datafield>
    <marc:datafield tag="043" ind1=" " ind2=" ">
      <marc:subfield code="a">n-cn---</marc:subfield>
    </marc:datafield>
    <marc:datafield tag="086" ind1="1" ind2=" ">
      <marc:subfield code="a">BT31-2/1999-III-86E-PDF</marc:subfield>
    </marc:datafield>
    <marc:datafield tag="110" ind1="1" ind2=" ">
      <marc:subfield code="a">Canada. </marc:subfield>
      <marc:subfield code="b">Treasury Board.</marc:subfield>
    </marc:datafield>
    <marc:datafield tag="245" ind1="1" ind2="0">
      <marc:subfield code="a">Patented Medicine Prices Review Board, 1998-99 estimates, a report on plans and priorities </marc:subfield>
      <marc:subfield code="h">[electronic resource]</marc:subfield>
    </marc:datafield>
    <marc:datafield tag="260" ind1=" " ind2=" ">
      <marc:subfield code="b">Treasury Board of Canada Secretariat </marc:subfield>
      <marc:subfield code="c">[1998].</marc:subfield>
    </marc:datafield>
    <marc:datafield tag="300" ind1=" " ind2=" ">
      <marc:subfield code="a">20p.</marc:subfield>
      <marc:subfield code="b">organization chart, tables</marc:subfield>
    </marc:datafield>
    <marc:datafield tag="490" ind1="1" ind2=" ">
      <marc:subfield code="a">1998-99 estimates. Part III, Report on plans and priorities </marc:subfield>
      <marc:subfield code="v">1998-99</marc:subfield>
    </marc:datafield>
    <marc:datafield tag="590" ind1=" " ind2=" ">
      <marc:subfield code="a">10-12-Supp</marc:subfield>
      <marc:subfield code="b">2010-11-18</marc:subfield>
    </marc:datafield>
    <marc:datafield tag="775" ind1="0" ind2="8">
      <marc:subfield code="t">Conseil d'examen du prix des médicaments brevetés, 1998-1999, budget des dépenses, un rapport sur les plans et les priorités </marc:subfield>
      <marc:subfield code="w">(CaOODSP)9.599009</marc:subfield>
    </marc:datafield>
    <marc:datafield tag="776" ind1="0" ind2="#">
      <marc:subfield code="t">Patented Medicine Prices Review Board </marc:subfield>
      <marc:subfield code="w">(CaOODSP)9.530398</marc:subfield>
    </marc:datafield>
    <marc:datafield tag="776" ind1="0" ind2="#">
      <marc:subfield code="t">Conseil d'examen du prix des médicaments brevetés </marc:subfield>
      <marc:subfield code="w">(CaOODSP)9.530399</marc:subfield>
    </marc:datafield>
    <marc:datafield tag="830" ind1="#" ind2="0">
      <marc:subfield code="a">1998-99 estimates. Part III, Report on plans and priorities ;</marc:subfield>
      <marc:subfield code="v">1998-99</marc:subfield>
      <marc:subfield code="w">(CaOODSP)9.505714</marc:subfield>
    </marc:datafield>
    <marc:datafield tag="856" ind1="4" ind2="0">
      <marc:subfield code="a">http://publications.gc.ca</marc:subfield>
      <marc:subfield code="q">PDF</marc:subfield>
      <marc:subfield code="s">223 KB</marc:subfield>
      <marc:subfield code="u">https://publications.gc.ca/collections/Collection/BT31-2-1999-III-86E.pdf</marc:subfield>
      <marc:subfield code="y">1998-99</marc:subfield>
    </marc:datafield>
  </marc:record>
</marc:collection>
